Compilación de resultados analíticos.

Guardado en:
Formato: Libro
Idioma:Spanish
Publicado: Bahía Blanca : Cámara Arbitral de Cereales, Oleaginosos, Frutos y Productos de Bahía Blanca, [1995]
Etiquetas: Agregar Etiqueta
Sin Etiquetas, Sea el primero en etiquetar este registro!
LEADER 00479nam a22001335a 4500
001 EEA.libagro005277
005 20180920094859.0
008 130809s1995####ag#a##########000#0#spa#d
082 0 4 |a 382.413 
082 0 4 |a 633.006282123 
245 1 0 |a Compilación de resultados analíticos. 
260 |a Bahía Blanca :  |b Cámara Arbitral de Cereales, Oleaginosos, Frutos y Productos de Bahía Blanca,  |c [1995] 
300 |a 24 [5] h. :  |b il. ;  |c 30 cm. 
859 |a AR-BbBCA  |b BIB. AGRONOMIA  |h 382.413  |i B151  |p 1996/2550